Trouvez les chansons de l'année 2011 - Statistiques

Statistiques générales
  • Ce quiz a été pris 434 fois
  • Le résultat moyen est 2 sur 10
Statistiques - réponses
Paroles Chansons % Correct
"Un SMS vient d'arriver, j'ai 25 ans, un tsunami a tout emporté, même les jeux d'enfants" L'horloge tourne - Mickaël Miro
91%
"Sur le Pont des Arts, mon coeur vacille. Entre les eaux, l'air est si bon, cet air si pur, je le respire, nos reflets perchés sur ce pont" La Seine - Vanessa Paradis
38%
"Il nous faut aussi un jean usé que l'on partage, deux trois secrets d'enfants pas sages. Il nous faut l'envie de rendez-vous, un très grand lit sans rien autour" Il nous faut - Elisa Tovati
33%
"Monsieur Sainte Nitouche prends-moi par la taille, caresse-moi l'épaule, le creux de mes reins, Monsieur Sainte Nitouche, ravie de te rencontrer" French cancan - Inna Modja
29%
"Je n'aurais donc plus à t'entendre, rentrer dans la nuit quand j'attends l'aube qui arrive en poussant les heures, moi je me lève et toi tu me..." Adieu - Coeur de pirate
9%
"À l'été, à la vie, au soleil et aux filles, je veux lever mon verre à m'en rouler par terre, je rejoins l'imprévu, la folie et l'ivresse" Demain - Thomas Dutronc
3%
"Plonger ensemble enroulés dans nos draps, tout se mélange, le septième ciel et l'orage, je te promets que je jure, je fais le serment parfois, mais de moins en moins sûre quand l'anneau brûle mon doigt" Je reste - Amel Bent
3%
"Je pourrais banquer le cash, pour ta langue et la mienne, roulent et roulent des routes clandestines sans trafic qui les freine" Cool - Christophe Willem
1%
'Mais c'est fini et bien fini, je ne serai plus jamais ta petite fille, mais c'est fini et bien fini, plus de coups, plus de claques dans la nuit" La claque - Axelle Red
1%
"Que fera-t-on quand le coeur d'une jolie femme comme un laser percera l'habit d'un homme à cours de chance pour trouver un monsieur derrière" Le jour après la fin du monde - Corneille
1%
Aucun quiz correspondant
Distribution des résultats
% des personnes avec chaque résultat
Percentile par nombre de réponses
Votre historique - résultats
Vous n’avez pas pris ce quiz